| 000 | 00417nam a22001937a 4500 | ||
|---|---|---|---|
| 003 | UA-OsUOA | ||
| 001 | 3154 | ||
| 007 | ta | ||
| 008 | 20050721b un ||||| |||| 00| 0 ukr d | ||
| 100 | _aBowler | ||
| 700 | _aBill. | ||
| 700 | _aParminter | ||
| 700 | _aSue | ||
| 942 | _cBK | ||
| 040 |
_aUA-OsUOA _cUA-OsUOA _dUA-OsUOA |
||
| 245 |
_aLiterature Upper-Intermediate _bEnglish Practice |
||
| 955 | _a2 | ||
| 650 | 7 | _2UDC | |
| 999 |
_c289316 _d289316 |
||